| 000 | 00459ntaaa2200181 4500 | ||
|---|---|---|---|
| 003 | 01 | ||
| 005 | 20251027201805.0 | ||
| 008 | 0714s1973 ag 01 | ||
| 040 |
_aAR-BaBN _bspa _cAR-BaBN _eaacr _dRIC |
||
| 082 | _a242.0000 C76 | ||
| 100 |
_aCornwall, Russell H. _916337 |
||
| 245 | _aSix nights in the garden of Gethsemane | ||
| 250 | _a1 ed. | ||
| 260 |
_aNew York : _bRevell Company, _c1924 |
||
| 300 | _a76 p | ||
| 650 |
_ameditaciones _95341 |
||
| 942 | _cBK | ||
| 999 |
_c12552 _d12552 |
||